| 000 | 00671nam a2200289Ia 4500 | ||
|---|---|---|---|
| 008 | 210210b1935 xxu||||| |||| 00| 0 eng d | ||
| 041 | _aeng | ||
| 082 | _a320/163 | ||
| 100 | _aEDDY (J P) | ||
| 245 | _aIndias new constitution: a survey of the government of India act 1935 | ||
| 260 |
_aLondon _bMacmillan & Co. Ltd. _c1935 |
||
| 300 | _axi,239 | ||
| 650 | _athe | ||
| 650 | _asurvey | ||
| 650 | _aof | ||
| 650 | _anew | ||
| 650 | _aIndias | ||
| 650 | _aIndia | ||
| 650 | _agovernment | ||
| 650 | _aconstitution: | ||
| 650 | _aact | ||
| 650 | _aa | ||
| 650 | _a1935 | ||
| 690 | _aIndian Constitution | ||
| 700 | _aLAWTON (F H) | ||
| 906 | _a001913 | ||
| 999 |
_c117765 _d117765 |
||